LEADER 01119nam a2200289 i 4500 001 000000145252 003 CaOOAMICUS 005 20051118000000.0 008 051118s1980 it u000 u ita u 013 $a120644 040 $aSeMil$bita 100 1 $aMancini, Italo,$d<1925-1993>.$0(OLS)http://semarc/name/2474 245 10$aCome continuare a credere /$cItalo Mancini. 260 $aMilano :$bRusconi,$c1980. 300 $a435 p. ;$c19 cm. 490 0 $aProblemi attuali 500 $aDalla biblioteca del card. Giovanni Colombo. 650 4$aCristianesimo.$0(OLS)http://semarc/subject/425 650 4$aFede - Concezione cristiana.$0(OLS)http://semarc/subject/2922 650 4$aFede - Studi.$0(OLS)http://semarc/subject/12766 830 0$aProblemi attuali.$0(OLS)http://semarc/title/7307 850 $aSeMil 852 $aSeMil$W1$xVenegono$y1$m1F IV 36$j98065$B98065$CSeMilBibl$Z2$F109682 $81 941 1 $a3 961 $aLascito: Colombo Card. Giovanni 996 $6245$aCome continuare a credere$9(OLS)http://semarc/title/212458 996 $6260$aMilano :$bRusconi$9(OLS)http://semarc/publisher/30258 LEADER 01222nam a2200253 i 4500 001 000000139507 003 CaOOAMICUS 005 20050525000000.0 008 050525s1971 it u000 u ita u 013 $a113581 040 $aSeMil$bita 100 1 $aBianco, Franco <1932-2006>.$0(OLS)http://semarc/name/30656 245 10$aDilthey e la genesi della critica storica della ragione /$cFranco Bianco. 260 $aMilano :$bMarzorati,$ccopyr. 1971. 300 $a332 p. ;$c24 cm. 490 0 $aStudi sul pensiero filosofico e religioso dei secoli 19. e 20 ;$v19 500 $aContiene : Indice dei nomi. - In mezzo al front : Pubblicato con il contributo del Consiglio Nazionale delle Ricerche. 650 4$aDilthey, Wilhelm <1833-1911>.$0(OLS)http://semarc/subject/3160 830 0$aStudi sul pensiero filosofico e religioso dei secoli 19. e 20. ;$v19.$0(OLS)http://semarc/title/195 850 $aSeMil 852 $aSeMil$W1$xVenegono$y1$m174 28 19 *$j92915$B92915$CSeMilBibl$Z2$F98271 $81 961 $aLascito: Corradi mons. Enrico 996 $6245$aDilthey e la genesi della critica storica della ragione$9(OLS)http://semarc/title/203821 996 $6260$aMilano :$bMarzorati$9(OLS)http://semarc/publisher/29683